| 000 | 00388nam a22001577a 4500 | ||
|---|---|---|---|
| 003 | MACL | ||
| 005 | 20151222124022.0 | ||
| 008 | 151222b xxu||||| |||| 00| 0 eng d | ||
| 040 | _cMACL | ||
| 041 | _aEnglish | ||
| 082 | _a025.431/DEW | ||
| 100 |
_aDewey Melvil _921853 |
||
| 245 | _aDewey Decimal Classification Edition 17 | ||
| 260 |
_aAmerica _bForest Press _c1965 |
||
| 942 |
_2ddc _cBK |
||
| 999 |
_c51564 _d51564 |
||